000 00480nam a2200145 a 4500
001 000038602
005 20201002031317.0
008 130416s2002 dr 000 0 spa d
020 _a1881715-94-9
040 _aDO-SdBNP
_bspa
_cBNPHU
245 0 0 _aDiez al azar :
_bantología periférica de la nueva poesía venezolana /
_cselección y prólogo por María Narea.
260 _aSanto Domingo :
_bIsla Negra,
_c2002.
300 _a66 p. ;
_c22 cm.
700 1 _aNarea, Maria
_esel.
_964936
999 _c38092
_d38092